000 00921nas a2200289 4500
001 BR2012002239
003 BR-BrBNA
005 20231205120445.0
007 ta
008 230509b bl.|||p| |||| 00| 00por d
040 _aBR-BrBNA
_bpor
_cBiblioteca Nacional de Agricultura
041 _a(Pt)
072 _aE71
100 1 _aOliveira, R.C. de
100 1 _aAlmeida, E.
100 1 _aFreguglia, R.da S.
100 1 _aBarreto, R.C.S.
245 1 _aDesmatamento e Crescimento Econômico no Brasil: uma análise da Curva de Kuznets Ambiental para a Amazônia Legal
650 _aRIO GRANDE DO SUL
650 _aPOLÍTICA FISCAL
650 _aIMPOSTO
650 _aARROZ
650 _aCOMÉRCIO EXTERIOR
773 0 _tRevista de Economia e Sociologia Rural (Brazil)
_xISSN 0103-2003
_g(Jul-Sept 2011), v. 49(03) p. 709-740
_wBR2012002239
909 _a202311
_bLúcia
_c55
_dLúcia Elande
942 _2AGRIS
_n0
_cANA
999 _c218598
_d218598